[Event "Winter Series, S50041"]
[Site "CCLA"]
[Date "2015.01.28"]
[Round "?"]
[White "Stevenson, Wayne"]
[Black "Smiley, William R."]
[Result "1-0"]
[WhiteElo "1702"]
[BlackElo "1587"]

1. d4 d5 2. e3 c6 3. Bd3 Nf6 4. Nd2 e6 5. c3 Be7 6. Ngf3 O-O 7. O-O Nbd7 
8. e4 dxe4 9. Nxe4 h6 10. Qe2 Nxe4 11. Bxe4 Nf6 12. Bd3 b6 13. Be3 Bb7 14.
 Rfd1 Qc7 15. Ne5 Nd5 16. Bd2 Nf6 17. b4 c5 18. dxc5 bxc5 19. a3 Rfd8 20. 
c4 Bf8 21. b5 Qe7 22. Bc3 Qc7 23. Rab1 a5 24. Qe3 Nd7 25. Nc6 Bxc6 26. 
bxc6 Nb6 27. Qe4 f5 28. Qxe6+ Kh8 29. Bxf5 1-0

[Event "Winter Series, S50051"]
[Site "CCLA"]
[Date "2015.01.28"]
[Round "?"]
[White "Cangelosi, Dominic"]
[Black "Howard, Christopher"]
[Result "0-1"]
[WhiteElo "1441"]
[BlackElo "1520"]

1. d4 d5 2. e3 c5 3. c3 e6 4. Bd3 c4 5. Bc2 Bd7 6. f4 Qh4+ 7. g3 Qd8 8. 
Nf3 Bd6 9. O-O Nc6 10. Nbd2 Nge7 11. Ne5 g6 12. Ndf3 Nxe5 13. fxe5 Bc7 14.
 Ng5 O-O 15. Rf6 Qe8 16. Qg4 Bd8 17. Qh3 h5 18. Bd2 Nf5 19. g4 Bxf6 20. e4
Bxg5 21. Bxg5 Ne7 22. gxh5 f5 23. Bf6 dxe4 24. Kf2 Rf7 25. Rg1 Rh7 26. Qh4
Nd5 27. Bd1 Nxf6 28. Qxf6 Qf7 29. hxg6 Rxh2+ 30. Kf1 Qxf6 31. exf6 Rf8 0-1

[Event "2015 REGULAR QUAD, S50199"]
[Site "CCLA"]
[Date "2015.05.01"]
[Round "?"]
[White "Cangelosi, Dominic"]
[Black "Mann, Wallace"]
[Result "0-1"]
[WhiteElo "1419"]
[BlackElo "1532"]

1. d4 d5 2. e3 c5 3. c3 Nd7 4. Bd3 Ngf6 5. f4 g6 6. Nf3 Bg7 7. Nbd2 O-O 8.
 Ne5 Qc7 9. Ndf3 b6 10. O-O Bb7 11. Ng5 Nxe5 12. fxe5 Ne4 13. Nxe4 dxe4 
14. Bc4 e6 15. Qb3 Rad8 16. Bd2 Bd5 17. Rf4 Bxc4 18. Qxc4 Bxe5 19. dxe5 
Rxd2 20. Rxe4 Rd5 21. Rf1 Rxe5 22. Rf3 Rf5 23. Rh3 Qd7 24. Qe2 Rd8 25. g3 
Rd5 26. Rf4 Rd2 27. Qg4 Rxb2 0-1

[Event "Pemier Quad, S50139"]
[Site "CCLA"]
[Date "2015.04.03"]
[Round "?"]
[White "Blankenship, Jerry T."]
[Black "Fisher Jr., Arthur"]
[Result "1/2-1/2"]
[WhiteElo "1564"]
[BlackElo "1698"]

1. d4 d5 2. e3 Nf6 3. Bd3 Nc6 4. Nf3 Bg4 5. Nbd2 e5 6. dxe5 Nxe5 7. h3 
Nxd3+ 8. cxd3 Bh5 9. Qa4+ c6 10. g4 Bg6 11. Qb3 Qb6 12. Qxb6 axb6 13. Ne5 
Bd6 14. d4 Bxe5 15. dxe5 Nd7 16. f4 f5 17. b3 O-O 18. g5 Nc5 19. Kf1 Ne4 
20. Nxe4 fxe4 21. Bb2 c5 22. Kg2 Rad8 23. Rhd1 d4 24. exd4 Rxf4 25. dxc5 
Rxd1 26. Rxd1 bxc5 27. e6 e3 28. Rd8+ Rf8 29. e7 Re8 30. Rxe8+ Bxe8 31. 
Kf3 1/2-1/2

[Event "Pemier Quad, S50139"]
[Site "CCLA"]
[Date "2015.04.03"]
[Round "?"]
[White "Blankenship, Jerry T."]
[Black "Stroup, Jim"]
[Result "0-1"]
[WhiteElo "1564"]
[BlackElo "2058"]

1. d4 Nf6 2. e3 d5 3. Bd3 c5 4. Nf3 Bg4 5. c4 cxd4 6. exd4 Nc6 7. cxd5 
Nxd5 8. Bb5 Qa5+ 9. Nc3 Nxc3 10. Bxc6+ bxc6 11. bxc3 Qxc3+ 12. Bd2 Qd3 13.
 Rc1 Rd8 14. Rc3 Qe4+ 15. Re3 Qd5 16. O-O Bxf3 17. Qxf3 Qxf3 18. Rxf3 Rxd4
19. Bc3 Rd5 20. Rb1 f6 21. Kf1 Rb5 22. Rxb5 cxb5 23. Rf5 e5 24. Ke2 Bd6 
0-1

[Event "2015 Server Team Champ - Div 4, S54999"]
[Site "CCLA"]
[Date "2015.10.28"]
[Round "?"]
[White "Cangelosi, Dominic"]
[Black "Fritsch, Michael"]
[Result "1-0"]
[WhiteElo "1419"]
[BlackElo "1390"]
[Board "2"]
[WhiteTeam "Pennsylvania Pawn Pushers"]
[BlackTeam "Pennsylvania Duck Patrol"]

1. d4 d5 2. e3 Nf6 3. Bd3 e6 4. f4 c5 5. c3 c4 6. Bc2 b5 7. Nf3 Nc6 8. 
Nbd2 h6 9. O-O g5 10. fxg5 hxg5 11. Nxg5 e5 12. Ndf3 e4 13. Ne5 Nxe5 14. 
dxe5 Qc7 15. Qd4 Bd6 16. Nxf7 Bc5 17. Nd6+ Bxd6 18. exd6 Qxd6 19. g3 Rh6 
20. a4 Bd7 21. axb5 Bxb5 22. Ba4 Bxa4 23. Rxa4 Kd7 24. Rxa7+ Rxa7 25. 
Qxa7+ Kc6 26. b4 cxb3 27. Bb2 Ng4 28. Qa6+ Kd7 29. Qb7+ Ke6 30. Qf7+ Ke5 
31. Qf5# 1-0

[Event "Winter Series, S50051"]
[Site "CCLA"]
[Date "2015.01.28"]
[Round "?"]
[White "Cangelosi, Dominic"]
[Black "Sanchez, David A."]
[Result "1/2-1/2"]
[WhiteElo "1441"]
[BlackElo "1449"]

1. d4 d5 2. e3 Nf6 3. Bd3 e6 4. f4 g6 5. Nf3 Bg7 6. O-O Nbd7 7. c3 O-O 8. 
Nbd2 c5 9. Ne5 c4 10. Bc2 Ne8 11. Ndf3 Nd6 12. Ng5 Nxe5 13. dxe5 Ne8 14. 
b3 Nc7 15. bxc4 dxc4 16. Qf3 Nb5 17. Bb2 Bxe5 18. Nxh7 Bg7 19. Nxf8 Qxf8 
20. Rac1 Rb8 21. Ba4 Bd7 22. Rfd1 Bc6 23. Qe2 Nxc3 24. Bxc3 Bxa4 25. Bxg7 
Bxd1 26. Rxd1 Qxg7 27. Qxc4 Qf8 1/2-1/2

[Event "Summer Series, S50291"]
[Site "CCLA"]
[Date "2015.07.25"]
[Round "?"]
[White "Smail, John"]
[Black "Jarmuz, Frederick"]
[Result "0-1"]
[WhiteElo "1720"]
[BlackElo "1945"]

1. d4 d5 2. Bg5 h6 3. Bh4 c6 4. e3 Qb6 5. Qc1 e5 6. Nf3 e4 7. Nfd2 Ne7 8. 
c4 Nf5 9. c5 Qc7 10. Bg3 Nxg3 11. hxg3 Nd7 12. Nc3 Be7 13. Qc2 O-O 14. 
O-O-O Bg5 15. Be2 Nf6 16. Nf1 Bf5 17. Kb1 b5 18. Rc1 a5 19. b3 Rfb8 20. 
Qd1 Qd7 21. Ka1 Ng4 22. Bxg4 Bxg4 23. f3 exf3 24. gxf3 Be6 25. f4 Bg4 26. 
Qd2 Bf6 27. Nh2 Re8 28. Qf2 a4 29. b4 a3 30. Nf3 Qf5 31. Rhe1 Re7 32. Nd2 
Qd3 33. Ncb1 Rxe3 0-1

[Event "Summer Series, S50291"]
[Site "CCLA"]
[Date "2015.07.25"]
[Round "?"]
[White "Smail, John"]
[Black "Vaughan, James"]
[Result "0-1"]
[WhiteElo "1720"]
[BlackElo "2259"]

1. d4 Nf6 2. Bg5 d5 3. Bxf6 exf6 4. e3 Be6 5. g3 c6 6. Bg2 Na6 7. Ne2 Bd6 
8. O-O O-O 9. Nd2 Re8 10. a3 b5 11. b4 Bg4 12. h3 Bf5 13. Nf4 Nc7 14. Nb3 
Ne6 15. Nd3 Ng5 16. h4 Ne4 17. Nbc5 Qe7 18. Nxe4 Bxe4 19. Bh3 a5 20. c3 
axb4 21. Nxb4 Qc7 22. Kh2 Ra4 23. Qb3 Bf3 24. Rg1 Re4 0-1

[Event "Premier Quad, S50289"]
[Site "CCLA"]
[Date "2015.07.20"]
[Round "?"]
[White "Capuzzi, Gabriele"]
[Black "Stevens, Daniel L."]
[Result "1/2-1/2"]
[WhiteElo "1615"]
[BlackElo "1779"]

1. d4 Nf6 2. Bg5 d5 3. Bxf6 exf6 4. e3 Bd6 5. g3 O-O 6. Bg2 c6 7. Ne2 Nd7 
8. Nd2 f5 9. O-O Re8 10. c4 Nf6 11. cxd5 Nxd5 12. Rc1 g5 13. Nc3 Nf6 14. 
h3 g4 15. h4 Nh5 16. Nc4 Bxg3 17. fxg3 Nxg3 18. Re1 Qxh4 19. Ne2 Nxe2+ 20.
 Qxe2 f4 21. Qf2 Qxf2+ 22. Kxf2 f3 23. Bh1 Re6 24. Rg1 Rf6 25. Ne5 h5 26. 
Bxf3 Kh7 27. Rh1 gxf3 28. Rxh5+ Rh6 29. Rxh6+ Kxh6 30. Nxf7+ Kg7 31. Ne5 
Be6 32. Nxf3 Bxa2 33. e4 Rf8 34. Ke3 Bg8 35. Rc5 Rf6 36. Ne5 Re6 37. b4 a6
38. Ng4 Rg6 39. Nf2 Kf7 40. Re5 Rg3+ 41. Kd2 Rg6 42. Nd3 b6 43. Kc3 Re6 
44. Rxe6 Kxe6 45. Ne5 Kd6 46. Nc4+ Kc7 47. Ne3 Be6 1/2-1/2

[Event "2015 REGULAR QUAD, S50049"]
[Site "CCLA"]
[Date "2015.02.20"]
[Round "?"]
[White "Benson, Katie J."]
[Black "Martindale, Roger"]
[Result "0-1"]
[WhiteElo "1199"]
[BlackElo "1174"]

1. d4 d5 2. Nc3 e6 3. Nf3 h6 4. Bf4 Bb4 5. Qd2 Nf6 6. e3 Ne4 7. a3 Nxd2 8.
 Kxd2 Bd6 9. Bxd6 cxd6 10. Bb5+ Bd7 11. Bxd7+ Nxd7 12. b4 Nb6 13. a4 Nc4+ 
14. Kc1 O-O 15. Nd2 a5 16. Nxc4 dxc4 17. Kb2 d5 18. b5 Qd6 19. Ka2 f5 20. 
f4 Qb4 21. Ne2 c3 22. Rab1 Qxa4# 0-1

[Event "Winter Series, S50081"]
[Site "CCLA"]
[Date "2015.01.28"]
[Round "?"]
[White "Lyons, Gage W."]
[Black "Benson, Katie J."]
[Result "0-1"]
[WhiteElo "1205"]
[BlackElo "1199"]

1. d4 d5 2. Nc3 Nc6 3. Nf3 Nf6 4. Bf4 Bf5 5. e3 e6 6. Be2 Be7 7. O-O O-O 
8. Ne5 Nxe5 9. Bxe5 c6 10. Bxf6 Bxf6 11. b3 c5 12. Rb1 a6 13. Bd3 Bxd3 14.
 Qxd3 Qc8 15. Na4 Qc7 16. dxc5 Be7 17. b4 a5 18. Nb6 Ra7 19. a3 Rd8 20. 
Rbd1 Bf6 21. Qb3 Be5 22. f4 Bf6 23. Rd2 axb4 24. axb4 d4 25. Rfd1 dxe3 26.
 Rxd8+ Bxd8 27. Qxe3 Qe7 28. f5 exf5 29. Qxe7 Bxe7 30. h3 Bf6 31. b5 g6 
32. c6 bxc6 33. bxc6 Rc7 34. Nd5 Rxc6 35. Nxf6+ Rxf6 36. c4 Rc6 37. Rd4 f6
38. Kf2 g5 39. Kf3 h5 40. g3 Kf7 41. Ke3 Ke6 42. Kf3 Rd6 43. Rxd6+ Kxd6 
44. Ke3 Ke5 45. Kd3 f4 46. gxf4+ Kxf4 47. Kd4 g4 48. hxg4 h4 49. c5 h3 50.
 c6 h2 51. g5 fxg5 52. c7 h1=Q 0-1

[Event "2015 REGULAR QUAD, S50129"]
[Site "CCLA"]
[Date "2015.03.27"]
[Round "?"]
[White "Wilhite, Timothy"]
[Black "Lyons, Brenda M."]
[Result "0-1"]
[WhiteElo "1223"]
[BlackElo "1221"]

1. d4 d5 2. Nc3 Nc6 3. Nf3 Nf6 4. Bf4 Bf5 5. e3 e6 6. Bb5 Qd7 7. O-O a6 8.
 Re1 axb5 9. Rc1 Na7 10. e4 Bg6 11. Qd3 Bb4 12. a3 Bxc3 13. bxc3 dxe4 14. 
Qe2 exf3 15. Qxf3 O-O 16. Rcd1 c6 17. Bd2 Bxc2 18. Rc1 Bg6 19. Bf4 Qd5 20.
 Be5 Qxf3 21. gxf3 Nd7 22. Bd6 Rfe8 23. Rcd1 Nb6 24. Bc5 Nd7 25. Bd6 Bf5 
26. Rc1 Nc8 27. Rcd1 Nxd6 28. f4 Rxa3 29. Re3 Ne4 0-1

[Event "2015 Server Team Champ - Div 4, S54999"]
[Site "CCLA"]
[Date "2015.10.28"]
[Round "?"]
[White "Lyons, Anthony W."]
[Black "Nurmi, Ronald"]
[Result "1/2-1/2"]
[WhiteElo "1235"]
[BlackElo "1469"]
[Board "4"]
[WhiteTeam "Pennsylvania Pawn Pushers"]
[BlackTeam "Pawntastics"]

1. d4 d5 2. Nc3 Nf6 3. h3 Bf5 4. Bf4 e6 5. e3 Bb4 6. Nf3 h6 7. a3 Bxc3+ 8.
 bxc3 O-O 9. Bd3 Bxd3 10. cxd3 c6 11. O-O Nbd7 12. Be5 Nxe5 13. Nxe5 Qc7 
14. f3 Rfc8 15. f4 c5 16. Qc1 cxd4 17. cxd4 Qd6 18. Qb2 b6 19. Rfc1 Nd7 
20. Nxd7 Qxd7 21. g3 Rc7 22. Rxc7 Qxc7 23. Qc1 Rc8 24. Qxc7 Rxc7 25. Kf2 
Rc2+ 26. Kf3 Rd2 27. a4 Rxd3 28. Ke2 Rc3 29. h4 Rc2+ 30. Kf3 Rc3 1/2-1/2

[Event "2015 Server Team Champ - Div 4, S54999"]
[Site "CCLA"]
[Date "2015.10.28"]
[Round "?"]
[White "Benson, Katie J."]
[Black "Fullen, Peter J."]
[Result "0-1"]
[WhiteElo "1199"]
[BlackElo "1359"]
[Board "6"]
[WhiteTeam "Pennsylvania Pawn Pushers"]
[BlackTeam "Norsemen"]

1. d4 d5 2. Nc3 Bf5 3. a3 e6 4. Bf4 a6 5. e3 Nf6 6. Nf3 Bd6 7. Bxd6 Qxd6 
8. Ne5 O-O 9. Bd3 Nc6 10. Bxf5 exf5 11. Nxc6 Qxc6 12. O-O Ne4 13. Nxe4 
fxe4 14. c3 f5 15. Qd2 Rf7 16. Rad1 Raf8 17. g3 Qd6 18. b4 a5 19. Qb2 axb4
20. cxb4 h5 21. Rc1 g5 0-1

[Event "2015 Server Team Champ - Div 4, S54999"]
[Site "CCLA"]
[Date "2015.10.28"]
[Round "?"]
[White "Lyons, Brenda M."]
[Black "Aravind, Vasudeva R."]
[Result "1/2-1/2"]
[WhiteElo "1221"]
[BlackElo "1195"]
[Board "5"]
[WhiteTeam "Pennsylvania Duck Patrol"]
[BlackTeam "Pennsylvania Pawn Pushers"]

1. d4 d5 2. Nc3 Nc6 3. h3 e5 4. e3 Nf6 5. dxe5 Nxe5 6. e4 Bb4 7. Bd2 O-O 
8. Be2 dxe4 9. a3 Ba5 10. Nxe4 Bxd2+ 11. Nxd2 Re8 12. Ngf3 Bf5 13. Nxe5 
Rxe5 14. O-O Qd5 15. Bf3 Be4 16. Bxe4 Nxe4 17. Nxe4 Qxe4 18. c3 Rg5 19. g3
Re8 20. Re1 Qxe1+ 21. Qxe1 Rxe1+ 22. Rxe1 Kf8 23. h4 Rb5 24. b4 f6 25. a4 
Re5 26. Rxe5 fxe5 27. Kg2 Ke7 28. Kf3 Ke6 29. Ke4 h6 30. c4 b6 31. b5 Kd6 
32. f4 1/2-1/2

[Event "2015 Server Team Champ - Div 4, S54999"]
[Site "CCLA"]
[Date "2015.10.28"]
[Round "?"]
[White "Lyons, Gage W."]
[Black "Fullen, Peter J."]
[Result "0-1"]
[WhiteElo "1205"]
[BlackElo "1359"]
[Board "6"]
[WhiteTeam "Pawntastics"]
[BlackTeam "Norsemen"]

1. d4 d5 2. Nc3 g6 3. Bf4 Bd7 4. e3 e6 5. Bb5 Bb4 6. Bxd7+ Qxd7 7. Qd2 Nf6
8. Be5 Ne4 9. Nge2 Nxd2 10. Kxd2 Rf8 11. a3 Bxc3+ 0-1

[Event "2015 Server Team Champ - Div 4, S54999"]
[Site "CCLA"]
[Date "2015.10.28"]
[Round "?"]
[White "Lyons, Anthony W."]
[Black "Smiley, William R."]
[Result "0-1"]
[WhiteElo "1235"]
[BlackElo "1613"]
[Board "4"]
[WhiteTeam "Pennsylvania Pawn Pushers"]
[BlackTeam "Norsemen"]

1. d4 d5 2. Nc3 c6 3. Bf4 e6 4. Nf3 Nf6 5. e3 Nh5 6. Ne5 Nxf4 7. exf4 Nd7 
8. Nxd7 Bxd7 9. Be2 Bd6 10. O-O Bxf4 11. Bf3 O-O 12. g3 Bd6 13. Bg4 c5 14.
 dxc5 Bxc5 15. Bf3 Rc8 16. a3 a6 17. Be2 g6 18. b4 Bxf2+ 19. Rxf2 Rxc3 20.
 Qd2 Qc7 21. Rf3 Rxc2 22. Qd3 Bb5 23. Qe3 Rxe2 0-1

[Event "2015 Server Team Champ - Div 4, S54999"]
[Site "CCLA"]
[Date "2015.10.28"]
[Round "?"]
[White "Lyons, Anthony W."]
[Black "Martindale, Roger"]
[Result "1-0"]
[WhiteElo "1235"]
[BlackElo "1174"]
[Board "4"]
[WhiteTeam "Pennsylvania Pawn Pushers"]
[BlackTeam "Pennsylvania Duck Patrol"]

1. d4 d5 2. Nc3 Nc6 3. Nf3 Nf6 4. Bf4 Bf5 5. e3 Nb4 6. Bd3 Nxd3+ 7. cxd3 
e6 8. Ne5 c6 9. O-O Bd6 10. h3 a6 11. Re1 h6 12. f3 g5 13. g4 gxf4 14. 
gxf5 Nh5 15. Ne2 Ng3 16. Nxg3 fxg3 17. f4 Qh4 18. Kg2 exf5 19. Nf3 Qf6 20.
 Rh1 Qg7 21. Qe1 a5 22. Qxg3 Qxg3+ 23. Kxg3 Rg8+ 24. Kf2 Be7 25. Rhg1 Rxg1
26. Rxg1 Bf8 27. Nh4 O-O-O 28. Nxf5 b5 29. Kf3 h5 30. Nh4 c5 31. dxc5 Bxc5
32. Rc1 Kb7 33. Rxc5 Kb6 34. d4 a4 35. a3 b4 36. Kf2 bxa3 37. bxa3 Rd6 38.
 Nf5 Rc6 39. Rxc6+ Kxc6 40. Ne7+ Kb5 41. Nxd5 Kc4 42. Nb6+ Kb3 43. Nxa4 
Kxa4 44. d5 Kb5 45. e4 Kc5 46. Ke3 f6 47. Kd3 1-0

[Event "2015 REGULAR QUAD, S50059"]
[Site "CCLA"]
[Date "2015.02.23"]
[Round "?"]
[White "Lyons, Anthony W."]
[Black "Warren, Frank L."]
[Result "1/2-1/2"]
[WhiteElo "1235"]
[BlackElo "1375"]

1. d4 d5 2. Nc3 Bf5 3. e3 e6 4. Bd3 Qg5 5. g3 Bb4 6. Bxf5 Bxc3+ 7. bxc3 
Qxf5 8. Qd3 Qxd3 9. cxd3 Nd7 10. Nf3 Nb6 11. O-O Na4 12. Bd2 Ne7 13. Rab1 
Rb8 14. c4 Nb6 15. c5 Nd7 16. Bb4 c6 17. Ne5 Nxe5 18. dxe5 O-O 19. d4 f5 
20. f4 h5 21. Kg2 Kf7 22. h4 Rfd8 23. a4 Rd7 24. a5 a6 25. Kf3 g6 26. Rh1 
Ng8 27. Rh2 Nh6 28. Rhh1 Ng4 29. Ra1 Ke7 1/2-1/2

[Event "2015  Server Team - Div 3, S53999"]
[Site "CCLA"]
[Date "2015.10.30"]
[Round "?"]
[White "Selby, Robin"]
[Black "Simonson, Jay"]
[Result "0-1"]
[WhiteElo "1190"]
[BlackElo "1349"]
[Board "6"]
[WhiteTeam "Canadian Snowbirds"]
[BlackTeam "Idaho Mountaineers"]

1. d4 d5 2. Nc3 Bf5 3. Nf3 c6 4. e3 e6 5. a3 Nf6 6. Be2 Bd6 7. O-O O-O 8. 
h3 Bc7 9. Nh4 Qd6 10. e4 Qh2# 0-1

[Event "2015 NA Class D Ch - Rd 1 Sect 2, S50121"]
[Site "CCLA"]
[Date "2015.04.27"]
[Round "?"]
[White "Lyons, Brenda M."]
[Black "Anderson, Lawrence D."]
[Result "1/2-1/2"]
[WhiteElo "1221"]
[BlackElo "1435"]

1. d4 Nf6 2. Nc3 d5 3. Bf4 Bf5 4. Be5 Ng4 5. Bf4 Qd7 6. e3 e6 7. Be2 Nf6 
8. Bd3 Bb4 9. Ne2 Bxd3 10. Qxd3 O-O 11. a3 Bxc3+ 12. bxc3 a6 13. O-O Nc6 
14. Be5 Nxe5 15. dxe5 Ne4 16. f3 Nc5 17. Qd2 f6 18. exf6 Rxf6 19. Nd4 Raf8
20. f4 Ne4 21. Qd3 Nc5 22. Qe2 Ne4 23. c4 c5 24. Nf3 h6 25. Nd2 Nxd2 26. 
Qxd2 Qc6 27. cxd5 exd5 28. Rad1 Rf5 29. g4 R5f7 30. Qxd5 Qxd5 31. Rxd5 
1/2-1/2

[Event "2015 Server Team Champ - Div 4, S54999"]
[Site "CCLA"]
[Date "2015.10.28"]
[Round "?"]
[White "Lyons, Brenda M."]
[Black "Sanchez, David A."]
[Result "1/2-1/2"]
[WhiteElo "1221"]
[BlackElo "1449"]
[Board "5"]
[WhiteTeam "Pennsylvania Duck Patrol"]
[BlackTeam "Norsemen"]

1. d4 Nf6 2. Nf3 g6 3. Nc3 d5 4. e3 Bg7 5. Bd3 O-O 6. O-O c5 7. dxc5 Nbd7 
8. e4 dxe4 9. Nxe4 Nxe4 10. Bxe4 Nxc5 11. Bd3 a6 12. Bc4 Qxd1 13. Rxd1 b5 
14. Be2 Bf5 15. Bd3 Rfd8 16. Be3 Nxd3 17. cxd3 Bxd3 1/2-1/2

[Event "2015 REGULAR QUAD, S50049"]
[Site "CCLA"]
[Date "2015.02.20"]
[Round "?"]
[White "Benson, Katie J."]
[Black "Taylor, Bobby C."]
[Result "0-1"]
[WhiteElo "1199"]
[BlackElo "1575"]

1. d4 Nf6 2. Nf3 g6 3. Nc3 d5 4. Bg5 Bg7 5. Bxf6 Bxf6 6. e3 Bg4 7. Be2 O-O
8. O-O c6 9. h3 Bxf3 10. Bxf3 e6 11. Be2 Nd7 12. f3 Qb6 13. b3 e5 14. dxe5
Qxe3+ 15. Kh1 Bxe5 16. Na4 Bxa1 17. Qxa1 Qxe2 18. Qd1 Qxd1 0-1

[Event "Winter Series, S50081"]
[Site "CCLA"]
[Date "2015.01.28"]
[Round "?"]
[White "Benson, Katie J."]
[Black "Lyons, Gage W."]
[Result "1/2-1/2"]
[WhiteElo "1199"]
[BlackElo "1205"]

1. d4 d5 2. Nf3 Nf6 3. Nc3 Nc6 4. Bf4 Bf5 5. e3 e6 6. Be2 Bg4 7. O-O Bb4 
8. h3 Bh5 9. Qe1 Bxc3 10. Qxc3 O-O 11. Rad1 Bxf3 12. Bxf3 Re8 13. Rfe1 h6 
14. Qb3 Rb8 15. Bg3 Qe7 16. e4 dxe4 17. Bxe4 Qd7 18. Qe3 Ne7 19. Qe2 Nxe4 
20. Qxe4 Nf5 21. Be5 Qd5 22. Qxd5 exd5 23. c3 Rbc8 24. Bh2 Kf8 25. Kf1 
Rxe1+ 26. Rxe1 c6 27. b4 Re8 28. Rxe8+ Kxe8 29. g4 Ne7 30. Bd6 b5 31. Bxe7
Kxe7 32. f4 Ke6 33. Kf2 f6 34. a3 1/2-1/2

[Event "2015 REGULAR QUAD, S50459"]
[Site "CCLA"]
[Date "2015.12.20"]
[Round "?"]
[White "Williams, Rufus H."]
[Black "Catania, Duane"]
[Result "0-1"]
[WhiteElo "1309"]
[BlackElo "1642"]

1. Nf3 d5 2. d4 Nf6 3. Nc3 g6 4. Bg5 Bg7 5. e3 O-O 6. h3 c6 7. Bd3 Nbd7 8.
 O-O h6 9. Bxf6 Nxf6 10. Ne5 Qc7 11. Qf3 Nd7 12. Rfe1 Nxe5 13. dxe5 Bxe5 
14. g3 Bxh3 15. Bf1 Bxf1 16. Kxf1 Bg7 17. Kg2 Qb6 18. Rab1 Qb4 19. a3 Qa5 
20. Qe2 e5 21. g4 Qd8 22. Qf3 Qg5 23. Rh1 f5 24. Qg3 Qxg4 25. Qxg4 fxg4 
26. b3 h5 27. b4 Rf7 28. Ne2 Raf8 29. Rbf1 b6 30. Rhg1 Rf3 31. Rh1 d4 32. 
exd4 exd4 33. Rhg1 Rxa3 34. Rd1 c5 35. bxc5 bxc5 36. Ra1 Rxa1 37. Rxa1 d3 
38. Rc1 dxe2 39. c4 Bd4 40. Re1 Rxf2+ 41. Kg3 Kg7 0-1

[Event "2015 REGULAR QUAD, S50129"]
[Site "CCLA"]
[Date "2015.03.27"]
[Round "?"]
[White "Wilhite, Timothy"]
[Black "Jarmuz, Frederick"]
[Result "0-1"]
[WhiteElo "1223"]
[BlackElo "1945"]

1. d4 d5 2. Nc3 Nf6 3. Nf3 e6 4. Bf4 c5 5. e3 a6 6. Bd3 c4 7. Be2 Be7 8. 
O-O O-O 9. Be5 b5 10. Bf4 b4 11. Qd2 bxc3 12. e4 cxd2 13. Nxd2 Nxe4 14. 
Nxc4 dxc4 15. Rad1 Qd5 16. c3 Nd7 17. Bf3 Bb7 18. Rfe1 Qf5 19. Bxe4 Bxe4 
20. Bg3 Bc2 21. Rd2 Bg5 0-1

[Event "Winter Series, S50061"]
[Site "CCLA"]
[Date "2015.01.28"]
[Round "?"]
[White "Lyons, Anthony W."]
[Black "Acosta, Errol"]
[Result "0-1"]
[WhiteElo "1235"]
[BlackElo "1494"]

1. d4 Nf6 2. Nc3 d5 3. Nf3 g6 4. Bg5 Bg7 5. e3 O-O 6. Bd3 c6 7. O-O Nbd7 
8. Qd2 Qc7 9. Bxf6 Nxf6 10. h3 Re8 11. Rae1 Ne4 12. Nxe4 dxe4 13. Bxe4 f5 
14. Bd3 Be6 15. b3 Bf7 16. c4 Rad8 17. Qc2 e5 18. Ng5 e4 19. Be2 Qe7 20. 
Nxf7 Kxf7 21. Rd1 Qh4 22. c5 Kg8 23. b4 Kh8 24. Qa4 f4 25. Qxa7 f3 26. Bc4
Rf8 27. Qxb7 fxg2 28. Kxg2 Rf3 0-1

[Event "Winter Series, S50061"]
[Site "CCLA"]
[Date "2015.01.28"]
[Round "?"]
[White "Gunning, Edward E."]
[Black "Lyons, Anthony W."]
[Result "1-0"]
[WhiteElo "1439"]
[BlackElo "1235"]

1. d4 d5 2. Nf3 Nf6 3. Nc3 Nc6 4. g3 Bf5 5. Bg2 e6 6. O-O Bd6 7. Bf4 Bxf4 
8. gxf4 h6 9. Ne5 Nxe5 10. fxe5 Nd7 11. Kh1 O-O 12. Rg1 Nb6 13. e4 Bg6 14.
 exd5 exd5 15. b3 c6 16. Ne2 Re8 17. Nf4 Be4 18. e6 fxe6 19. Bxe4 dxe4 20.
 Qh5 Qf6 21. Rg4 Qf5 22. Rag1 Qxh5 23. Rxg7+ Kh8 24. Nxh5 Rg8 25. Rxb7 
Rxg1+ 26. Kxg1 Nd5 27. c4 Nc3 28. Ng3 Nxa2 29. Nxe4 Kg8 30. Re7 Kf8 31. 
Rxe6 Re8 32. Rxe8+ Kxe8 33. Kg2 Nb4 34. Nd6+ 1-0

[Event "2015 NA Class D Ch - Rd 1 Sect 1, S50111"]
[Site "CCLA"]
[Date "2015.04.27"]
[Round "?"]
[White "Selby, Robin"]
[Black "Ritzmann, Andrew M."]
[Result "0-1"]
[WhiteElo "1190"]
[BlackElo "1346"]

1. d4 d5 2. Nf3 Nf6 3. Nc3 g6 4. Rb1 Bg7 5. b3 O-O 6. e3 Bf5 7. Bb2 Nc6 8.
 Bd3 e6 9. O-O Qd6 10. g3 Rfe8 11. Nb5 Qd7 12. Bxf5 exf5 13. Re1 Ne4 14. 
h4 a6 15. Nc3 Nb4 16. a3 Nxc3 17. Bxc3 Nc6 18. Kg2 b5 19. Rh1 Re4 20. h5 
Rae8 21. Bd2 Bf6 22. c3 a5 23. Rh2 a4 24. b4 Qe7 25. Qc2 Nd8 26. Rbh1 Ne6 
27. hxg6 hxg6 28. Rh3 c6 29. Qd1 Ng5 30. Rh4 Rxh4 31. Nxh4 Ne4 32. Bc1 
Nxc3 33. Qc2 Qe4+ 34. Qxe4 Nxe4 35. f3 Nd6 36. Rg1 Nc4 37. f4 Nxe3+ 38. 
Kf2 Bxd4 39. Re1 Ng4+ 40. Kf3 Rxe1 41. Bd2 Rf1+ 42. Ke2 Rf2+ 43. Kd3 Bf6 
44. Be1 Ra2 45. Nf3 Rxa3+ 46. Ke2 Re3+ 47. Kd1 Rxf3 48. Ke2 Re3+ 49. Kd2 
Bc3+ 0-1

[Event "2015 NA Class D Ch - Rd 1 Sect 1, S50111"]
[Site "CCLA"]
[Date "2015.04.27"]
[Round "?"]
[White "Selby, Robin"]
[Black "Stetson, Micah P."]
[Result "0-1"]
[WhiteElo "1190"]
[BlackElo "1384"]

1. d4 d5 2. Nf3 Nf6 3. Nc3 Bf5 4. e3 e6 5. Bb5+ Nbd7 6. O-O Be7 7. Re1 O-O
8. h3 c5 9. dxc5 Nxc5 10. b4 Nce4 11. Bb2 Bxb4 12. g4 Nxc3 13. Qd2 Qa5 14.
 Bf1 Nce4 15. Qe2 Bxe1 16. Nxe1 Bg6 17. h4 h6 18. Nf3 Nxg4 19. Nd4 Qd2 20.
 Qxd2 Nxd2 21. Be2 h5 22. Bc3 Ne4 23. Bb4 Rfd8 24. f3 e5 25. Nb5 Nxe3 26. 
fxe4 Nxc2 27. Rb1 Nxb4 28. Rxb4 d4 29. Na3 d3 30. Bd1 Rac8 31. Rxb7 Rc1 
32. Kf2 Rxd1 33. Nc4 d2 34. Rb2 Rf1+ 35. Ke2 d1=Q+ 0-1

[Event "2015 REGULAR QUAD, S50059"]
[Site "CCLA"]
[Date "2015.02.23"]
[Round "?"]
[White "Lines, Daniel"]
[Black "Lyons, Anthony W."]
[Result "1-0"]
[WhiteElo "1415"]
[BlackElo "1235"]

1. d4 d5 2. Nf3 Nf6 3. Nc3 Nc6 4. Bf4 Bf5 5. e3 e6 6. Bb5 a6 7. Ba4 b5 8. 
Bb3 Bb4 9. Qd2 Ne4 10. O-O Bxc3 11. Qe2 O-O 12. bxc3 Nb4 13. cxb4 c6 14. 
Be5 f6 15. Bf4 Bg4 16. Qd3 a5 17. bxa5 Qxa5 18. h3 Bh5 19. Qe2 g6 20. Qe1 
Qxe1 21. Rfxe1 g5 22. g4 Bg6 23. Bh2 h5 24. Red1 Rfc8 25. Nd2 Nxd2 26. 
Rxd2 hxg4 27. c3 Kg7 28. Bc2 Ra7 29. Bxg6 Kxg6 30. a3 Rca8 31. Bd6 gxh3 
32. Bc5 Rh7 33. Kh2 g4 34. Rg1 f5 35. f3 Rg8 36. fxg4 fxg4 37. Rxg4+ Kf7 
38. Rxg8 Kxg8 39. Rd1 Rg7 40. Rg1 Rxg1 41. Kxg1 Kf7 42. Kh2 Kf6 43. Kxh3 
Kf5 44. Kg3 Ke4 45. Kf2 Kd3 46. Bb4 Ke4 47. Ke2 Kf5 48. Kf3 Kf6 49. Kf4 
Kf7 50. Kg5 Kg7 51. Bf8+ Kxf8 52. Kf6 Ke8 53. Kxe6 Kd8 54. Kd6 Kc8 55. 
Kxc6 Kb8 56. Kxb5 1-0

[Event "2015 REGULAR QUAD, S50059"]
[Site "CCLA"]
[Date "2015.02.23"]
[Round "?"]
[White "Lyons, Anthony W."]
[Black "Shaffer, Aaron"]
[Result "1-0"]
[WhiteElo "1235"]
[BlackElo "1151"]

1. d4 d5 2. Nc3 Nf6 3. Nf3 Nc6 4. Bf4 Bf5 5. e3 e6 6. Bb5 a6 7. Ba4 b5 8. 
Bb3 Bb4 9. Qd2 O-O 10. Ne5 Nxe5 11. Bxe5 Bxc3 12. Qxc3 Ne4 13. Qb4 c6 14. 
O-O a5 15. Qe1 a4 16. f3 Ng5 17. Bxa4 Rxa4 18. b3 f6 19. bxa4 fxe5 20. 
axb5 Bxc2 21. Rc1 Bg6 22. Qh4 Nf7 23. Qxd8 Rxd8 24. bxc6 Nd6 25. c7 Rc8 
26. Rc5 Nb5 27. Rfc1 Be8 28. a4 Nd6 29. a5 Bb5 30. Rb1 Kf8 31. Rcxb5 Nxb5 
32. Rxb5 Rxc7 33. dxe5 Ke8 34. a6 Kd8 35. Rb8+ Rc8 36. a7 1-0